Statistics for NFL Teams "In the Hunt"

Click here to take the quiz!

General Stats

  • This quiz has been taken 13 times
    (5 since last reset)
  • The average score is 4 of 5

Answer Stats

% Record Answer % Correct
758-7Philadelphia Eagles
100%
257-8Dallas Cowboys
100%
77-8Oakland Raiders
100%
578-7Tennessee Titans
67%
368-7Pittsburgh Steelers
33%

Score Distribution

Percentile by Number Answered

Percent of People with Each Score

Your Score History

You have not taken this quiz since the last reset